[Event "Barber/Rockefeller Qualifier"]
[Site "Chess.com"]
[Date "2020.04.12"]
[Round "?"]
[White "Bablani, Arnav"]
[Black "Shih, Tai"]
[Result "0-1"]
[WhiteElo "1323"]
[BlackElo "1483"]
[PlyCount "126"]
[EventDate "2020.??.??"]

1. e4 c5 2. Nf3 Nc6 3. Bb5 a6 4. Bxc6 bxc6 5. Nc3 g6 6. d3 Bg7 7. Be3 d5 8.
Bxc5 Qa5 9. b4 Qa3 10. Ne2 Bc3+ 11. Kf1 Nf6 12. Rb1 Nd7 13. Rb3 Qxa2 14. Rxc3
Nxc5 15. bxc5 O-O 16. Ned4 Qa5 17. Rb3 Qxc5 18. Ne2 Rd8 19. exd5 Rxd5 20. d4
Qd6 21. c4 Rf5 22. c5 Rxc5 23. Qd3 Ra5 24. g3 Bh3+ 25. Ke1 Ra1+ 26. Kd2 Rxh1
27. Ng5 Bf5 28. Qf3 Ra1 29. g4 h6 30. Nxf7 Kxf7 31. gxf5 Ra2+ 32. Kd3 gxf5 33.
Qxf5+ Qf6 34. Qh5+ Qg6+ 35. Qxg6+ Kxg6 36. Nf4+ Kf5 37. Nh3 Rd8 38. Rb6 Ra3+
39. Kc4 Rxh3 40. Rxc6 Rxh2 41. Rxa6 Rxf2 42. Rxh6 Rc2+ 43. Kd3 Rg2 44. Rh5+ Rg5
45. Rh7 e5 46. Rf7+ Kg4 47. Rf2 Rxd4+ 48. Ke3 Kg3 49. Rf3+ Kg4 50. Kf2 Rd2+ 51.
Ke3 Ra2 52. Ke4 Ra4+ 53. Ke3 Ra3+ 54. Ke4 Rxf3 55. Kd5 Rg8 56. Kxe5 Re8+ 57.
Kd4 Rf7 58. Kd5 Rf1 59. Kd6 Rd1+ 60. Kc7 Re2 61. Kb6 Rc2 62. Kb5 Rb1+ 63. Ka4
Ra2# 0-1

[Event "Barber/Rockefeller Qualifier"]
[Site "Chess.com"]
[Date "2020.04.11"]
[Round "?"]
[White "Shen, Lixing"]
[Black "Cheng, Ethan"]
[Result "1-0"]
[WhiteElo "1479"]
[BlackElo "1357"]
[PlyCount "115"]
[EventDate "2020.??.??"]

1. e4 e5 2. Nf3 Nc6 3. d4 exd4 4. Bc4 Nf6 5. O-O d5 6. exd5 Nxd5 7. Bxd5 Qxd5
8. c3 Bg4 9. cxd4 Nxd4 10. Qxd4 Bxf3 11. Qe3+ Be4 12. Nc3 Qd3 13. Qxe4+ Qxe4
14. Nxe4 O-O-O 15. Be3 Kb8 16. Rac1 f5 17. Ng5 Rd7 18. Nf3 Bd6 19. Bc5 Bf4 20.
Rcd1 Rhd8 21. Rxd7 Rxd7 22. g3 Bd6 23. Bxd6 Rxd6 24. Re1 a6 25. Re7 Rg6 26. Ne5
Rg5 27. f4 Rg4 28. Nxg4 fxg4 29. Rxg7 h5 30. Rh7 Ka7 31. Rxh5 Kb6 32. Rh4 c5
33. Rxg4 Ka5 34. Rg5 Kb5 35. Kf2 Kc4 36. Ke2 b5 37. Kd2 b4 38. b3+ Kb5 39. Kd3
a5 40. f5 a4 41. bxa4+ Kxa4 42. f6 Ka3 43. Rxc5 Kxa2 44. Rb5 Ka3 45. Rxb4 Kxb4
46. f7 Kc5 47. f8=Q+ Kd5 48. Qf5+ Kd6 49. Kd4 Kc6 50. g4 Kd6 51. Qf6+ Kd7 52.
Kd5 Kc7 53. g5 Kb7 54. g6 Kc7 55. g7 Kb7 56. g8=R Kc7 57. Rg7+ Kc8 58. Qf8# 1-0

[Event "Barber/Rockefeller Qualifier"]
[Site "Chess.com"]
[Date "2020.04.12"]
[Round "?"]
[White "Arul, Sharvesh"]
[Black "Shen, Lixing"]
[Result "0-1"]
[WhiteElo "1227"]
[BlackElo "1479"]
[PlyCount "78"]
[EventDate "2020.??.??"]

1. e4 e5 2. Nf3 d5 3. Bd3 dxe4 4. Bxe4 f5 5. Bd3 e4 6. Qe2 Be7 7. Bxe4 fxe4 8.
Qxe4 Nf6 9. Qe2 O-O 10. O-O Bg4 11. Nc3 Nc6 12. Qc4+ Kh8 13. Ng5 Qe8 14. Qd3
Qh5 15. Qe3 Bd6 16. g3 h6 17. Nge4 Nxe4 18. Nxe4 Rae8 19. Re1 Bf3 20. Qd3 Bxe4
21. Rxe4 Rxe4 22. Qxe4 Ne5 23. Qxb7 Nf3+ 24. Kf1 Nxh2+ 25. Kg1 Nf3+ 26. Kf1
Qh1+ 27. Ke2 Nd4+ 28. Kd3 Qxb7 29. Kxd4 Qb6+ 30. Ke4 Qc6+ 31. Ke3 Bc5+ 32. Ke2
Rxf2+ 33. Kd3 Qb5+ 34. Ke4 Qe2+ 35. Kd5 Rf5+ 36. Kc6 Qa6+ 37. Kxc7 Rf7+ 38. Kd8
Qd6+ 39. Kc8 Qc7# 0-1

[Event "Barber/Rockefeller Qualifier"]
[Site "Chess.com"]
[Date "2020.04.12"]
[Round "?"]
[White "Tran, Nugen"]
[Black "Shen, Lixing"]
[Result "0-1"]
[WhiteElo "1344"]
[BlackElo "1479"]
[PlyCount "110"]
[EventDate "2020.??.??"]

1. d4 d5 2. c4 e6 3. Nc3 Nf6 4. cxd5 exd5 5. Bg5 Be6 6. Nf3 Bb4 7. e3 c6 8. Qb3
Qa5 9. Bxf6 gxf6 10. Bd3 c5 11. a3 c4 12. Qxb4 Qxb4 13. axb4 cxd3 14. O-O Nc6
15. Na2 Bg4 16. Rfd1 Rg8 17. Kf1 Bxf3 18. gxf3 O-O-O 19. Rac1 Kb8 20. Rxd3 Rg6
21. Ke2 Re8 22. Rdd1 Rg2 23. h4 Rh2 24. Kd3 Rxf2 25. Rf1 Rxb2 26. b5 Rxb5 27.
Nc3 Rb2 28. Nxd5 Nb4+ 29. Nxb4 Rxb4 30. Rb1 Ra4 31. Rfc1 Ra3+ 32. Kd2 Rexe3 33.
Rg1 Rad3+ 34. Kc2 Rxd4 35. Rbc1 a6 36. Rg7 Rxh4 37. Rxf7 Rxf3 38. Rd1 Rh2+ 39.
Rd2 Rxd2+ 40. Kxd2 h5 41. Ke2 Rf5 42. Rh7 a5 43. Ke3 a4 44. Ke4 Rb5 45. Rh8+
Ka7 46. Rh6 a3 47. Rxf6 a2 48. Rf1 Rb1 49. Rxb1 axb1=Q+ 50. Kf4 Qg6 51. Kf3 h4
52. Kf2 h3 53. Kf1 Qg2+ 54. Ke1 h2 55. Kd1 h1=Q# 0-1

[Event "Barber/Rockefeller Qualifier"]
[Site "Chess.com"]
[Date "2020.04.11"]
[Round "?"]
[White "Sripathi, Prajna"]
[Black "Williamson, Mobius"]
[Result "1-0"]
[WhiteElo "1351"]
[BlackElo "1478"]
[PlyCount "151"]
[EventDate "2020.??.??"]

1. e4 e5 2. Nf3 Nc6 3. Nc3 Nf6 4. Bc4 Nxe4 5. Bxf7+ Kxf7 6. Nxe4 d5 7. Ng3 e4
8. Ng1 Bc5 9. d3 Qf6 10. Qh5+ Kf8 11. Qe2 exd3 12. cxd3 Nd4 13. Qd2 Qe7+ 14.
Kd1 Bb4 15. Qf4+ Qf6 16. Qxf6+ gxf6 17. N1e2 Nxe2 18. Nxe2 Bf5 19. Bd2 Bd6 20.
Nf4 c6 21. Kc2 Re8 22. Rhe1 Kf7 23. g3 Re5 24. Bc3 Rxe1 25. Rxe1 Bxf4 26. gxf4
Rg8 27. Bb4 Re8 28. Rxe8 Kxe8 29. Kc3 Kf7 30. d4 Be4 31. a4 Kg6 32. Kd2 Kf5 33.
Ke3 Kg4 34. Bd6 Kh3 35. f3 Bf5 36. b4 Kxh2 37. Bc5 a6 38. a5 Kg3 39. Be7 h5 40.
Bxf6 h4 41. Bxh4+ Kxh4 42. Kf2 Kh5 43. Kg3 Kg6 44. Kh4 Kf6 45. Kh5 Bd7 46. Kh4
Be8 47. Kg4 Ke7 48. Kf5 Bd7+ 49. Kg5 Kf7 50. f5 Kg7 51. f4 Be8 52. f6+ Kf8 53.
Kf5 Kf7 54. Ke5 Kf8 55. Kd6 Kf7 56. Kc7 Kxf6 57. Kxb7 Kf5 58. Kxa6 Ke4 59. Kb7
Kxd4 60. a6 c5 61. a7 cxb4 62. a8=Q Kc3 63. Qxe8 d4 64. Qc8+ Kd2 65. Qc4 d3 66.
Qxb4+ Ke2 67. f5 d2 68. Qxd2+ Kf3 69. f6 Kg4 70. f7 Kf5 71. f8=R+ Ke6 72. Re8+
Kf7 73. Re1 Kf6 74. Qf2+ Kg5 75. Rg1+ Kh5 76. Qh2# 1-0

[Event "Barber/Rockefeller Qualifier"]
[Site "Chess.com"]
[Date "2020.04.12"]
[Round "?"]
[White "Williamson, Mobius"]
[Black "Kwan, Joshua"]
[Result "1-0"]
[WhiteElo "1478"]
[BlackElo "1329"]
[PlyCount "171"]
[EventDate "2020.??.??"]

1. c4 e5 2. Nc3 Nc6 3. g3 Bc5 4. Bg2 Nf6 5. e3 d6 6. Nge2 O-O 7. O-O Be6 8. d4
exd4 9. exd4 Nxd4 10. Nxd4 Bxc4 11. Re1 c6 12. b3 Bb4 13. Bb2 Ba6 14. Qf3 d5
15. Nc2 Bd6 16. Rad1 Qd7 17. Ne2 Be7 18. Nf4 b6 19. Nh5 Nxh5 20. Qxh5 Bc8 21.
Bh3 Qxh3 22. Qxh3 Bxh3 23. Rxe7 Rae8 24. Rde1 Be6 25. Rxa7 Bh3 26. Rae7 Be6 27.
Rxe8 Rxe8 28. f3 Kf8 29. Kf2 g6 30. Ba3+ Kg8 31. Bb2 Kf8 32. Nd4 Bd7 33. Rxe8+
Kxe8 34. b4 Ke7 35. Ke3 Kd6 36. Ba3 b5 37. Nb3 h5 38. Nc5 Bf5 39. Bb2 Bb1 40.
a3 Bc2 41. Kf4 Bf5 42. Kg5 Ke7 43. f4 Bg4 44. Bf6+ Ke8 45. Kh6 Bf5 46. Kg7 Bg4
47. Nb7 Be6 48. Nd8 d4 49. Nxc6 d3 50. Bc3 Bc4 51. Kf6 Be6 52. Nd4 Bc4 53. Ke5
Ke7 54. Ke4 Kd6 55. Nf3 Bd5+ 56. Ke3 Bxf3 57. Kxf3 Kd5 58. Ke3 Kc4 59. Bf6 Kd5
60. Kxd3 Ke6 61. Bg7 f6 62. Kd4 Kf7 63. Bh6 Kg8 64. Kc5 Kh7 65. Bf8 g5 66. fxg5
fxg5 67. Kxb5 Kg6 68. a4 Kf5 69. a5 Kg4 70. a6 Kh3 71. a7 h4 72. gxh4 gxh4 73.
Bd6 Kg2 74. a8=Q+ Kf2 75. Qa2+ Ke3 76. Qg2 Kd3 77. Qf2 Ke4 78. Kc5 h3 79. Qf4+
Kd3 80. Qd4+ Ke2 81. Bg3 Kf3 82. Qf4+ Ke2 83. Kd4 Kd1 84. Qf2 Kc1 85. Kc3 Kb1
86. Qb2# 1-0

[Event "Barber/Rockefeller Qualifier"]
[Site "Chess.com"]
[Date "2020.04.12"]
[Round "?"]
[White "Liu, Yuntao"]
[Black "Williamson, Mobius"]
[Result "1-0"]
[WhiteElo "1408"]
[BlackElo "1478"]
[PlyCount "59"]
[EventDate "2020.??.??"]

1. b3 d5 2. Bb2 Bf5 3. e3 e6 4. f4 Nf6 5. Nf3 Nc6 6. Bb5 Qd7 7. Ne5 Qd6 8. O-O
Nd7 9. Ba3 Nc5 10. d4 Qd8 11. Nxc6 Qd7 12. Bxc5 bxc6 13. Bxf8 cxb5 14. Bc5 Be4
15. Nc3 Bf5 16. a4 bxa4 17. Rxa4 a5 18. b4 h5 19. Rxa5 Rxa5 20. bxa5 Qc8 21.
Nb5 Kd7 22. Qa1 Qa6 23. Qa4 c6 24. Nc3 h4 25. Rb1 h3 26. Rb6 Qa8 27. a6 hxg2
28. Rb7+ Kc8 29. Qxc6+ Kd8 30. Qd7# 1-0

[Event "Barber/Rockefeller Qualifier"]
[Site "Chess.com"]
[Date "2020.04.12"]
[Round "?"]
[White "Williamson, Mobius"]
[Black "Subramanian, Thrinay"]
[Result "0-1"]
[WhiteElo "1478"]
[BlackElo "1283"]
[PlyCount "94"]
[EventDate "2020.??.??"]

1. c4 e5 2. Nc3 Nf6 3. g3 d5 4. cxd5 Nxd5 5. Bg2 Nxc3 6. bxc3 c6 7. d3 Be6 8.
Be3 Nd7 9. Rb1 Qc7 10. Qc2 Be7 11. Nf3 f6 12. O-O Bc5 13. Bxc5 Nxc5 14. d4 Nd7
15. e3 Bf7 16. Qb2 Bg6 17. Qxb7 Qxb7 18. Rxb7 Bd3 19. Rc1 Rg8 20. Bf1 Bxf1 21.
Kxf1 Nb6 22. Rc7 Kd8 23. Rxc6 Kd7 24. Rc5 exd4 25. cxd4 Rac8 26. Ne1 Rxc5 27.
dxc5 Na4 28. Nd3 Kc6 29. Rc4 Kb5 30. Rh4 h6 31. Rb4+ Ka5 32. Ke2 Nc3+ 33. Kf3
Nxa2 34. Rc4 Kb5 35. Rc2 Nb4 36. Rb2 a5 37. Ke4 Rd8 38. Nxb4 axb4 39. Rc2 b3
40. Rb2 Kb4 41. c6 Rc8 42. Kd5 Ka3 43. Kd6 Kxb2 44. Kd7 Rxc6 45. Kxc6 Kc2 46.
Kc5 b2 47. Kb4 b1=Q+ 0-1

[Event "Barber/Rockefeller Qualifier"]
[Site "Chess.com"]
[Date "2020.04.11"]
[Round "?"]
[White "Li, Emma"]
[Black "Tran, Nugen"]
[Result "0-1"]
[WhiteElo "1476"]
[BlackElo "1344"]
[PlyCount "146"]
[EventDate "2020.??.??"]

1. e4 e5 2. Nf3 Nc6 3. Nc3 Nf6 4. Bb5 d6 5. d4 Bd7 6. Bxc6 Bxc6 7. dxe5 Nxe4 8.
Nxe4 Bxe4 9. Qe2 Bxf3 10. Qxf3 Rb8 11. Qe3 dxe5 12. Qxe5+ Qe7 13. Bf4 Qxe5+ 14.
Bxe5 Rc8 15. O-O f6 16. Bd4 Bd6 17. Rfe1+ Kf7 18. g4 Rhe8 19. h3 Re7 20. Rxe7+
Bxe7 21. Rd1 Rd8 22. c3 Bc5 23. Kf1 Bxd4 24. Rxd4 Rxd4 25. cxd4 Ke6 26. Ke2 Kd5
27. Kd3 g6 28. h4 g5 29. h5 h6 30. b4 a6 31. a4 b6 32. f3 c6 33. Kc3 a5 34.
bxa5 bxa5 35. Kd3 c5 36. dxc5 Kxc5 37. Kc3 Kd5 38. Kd3 Ke5 39. Ke3 f5 40. gxf5
Kxf5 41. Kf2 Kf4 42. Kg2 g4 43. fxg4 Kxg4 44. Kh2 Kxh5 45. Kh3 Kg5 46. Kg3 Kf5
47. Kh4 Ke4 48. Kh5 Kd4 49. Kxh6 Kc4 50. Kg5 Kb4 51. Kf4 Kxa4 52. Ke3 Kb3 53.
Kd3 a4 54. Kd2 Kb2 55. Kd3 a3 56. Kc4 a2 57. Kd5 a1=Q 58. Ke5 Qd1 59. Ke4 Qd2
60. Ke5 Qd3 61. Kf4 Qe2 62. Kf5 Qe3 63. Kf6 Qe4 64. Kg5 Qf3 65. Kg6 Qf4 66. Kg7
Kc3 67. Kg6 Kd4 68. Kg7 Qf5 69. Kh6 Qg4 70. Kh7 Qg5 71. Kh8 Ke5 72. Kh7 Kf6 73.
Kh8 Qg7# 0-1

[Event "Barber/Rockefeller Qualifier"]
[Site "Chess.com"]
[Date "2020.04.12"]
[Round "?"]
[White "Ma, Lucas"]
[Black "Li, Emma"]
[Result "0-1"]
[WhiteElo "1372"]
[BlackElo "1476"]
[PlyCount "128"]
[EventDate "2020.??.??"]

1. e4 e5 2. Nf3 Nc6 3. Bc4 Bc5 4. Nc3 Nf6 5. d3 h6 6. O-O d6 7. h3 O-O 8. Be3
Bb6 9. Re1 Be6 10. Bb3 Qd7 11. Qd2 Kh7 12. Kh2 d5 13. exd5 Nxd5 14. Bxb6 Nxb6
15. Bxe6 Qxe6 16. Qe2 Rfe8 17. Nb5 Re7 18. Kg1 a6 19. Nc3 Qf6 20. Qe4+ Kg8 21.
Qe2 Rae8 22. Qd2 Rd8 23. Qc1 Nd5 24. Nxd5 Rxd5 25. a3 Nd4 26. Nxd4 Rxd4 27. Qe3
Qg6 28. Rad1 Qc6 29. Rd2 Re6 30. g3 Qd5 31. f3 Rg6 32. Kg2 f6 33. Kh2 Qd7 34.
Kg2 h5 35. h4 Rxh4 36. Rg1 Qh3+ 37. Kf2 Rd4 38. c3 Rd6 39. Qe4 Rg5 40. Qxb7 Qf5
41. Rgd1 Qh3 42. Ke3 Rxg3 43. Rf2 e4 44. Qxc7 Rxf3+ 45. Ke2 Re3+ 46. Kd2 Rexd3+
47. Kc1 Rxd1+ 48. Kc2 Qd3+ 49. Kb3 Qb5+ 50. Kc2 R6d2+ 51. Rxd2 Rxd2+ 52. Kxd2
Qd3+ 53. Kc1 e3 54. Qc8+ Kh7 55. Qh3 Qd2+ 56. Kb1 g6 57. Qe6 e2 58. Qf7+ Kh6
59. Qf8+ Kg5 60. Qc5+ Kg4 61. Qc4+ Kg3 62. Qc7+ Qf4 63. Qe7 Qf1+ 64. Kc2 Qd1#
0-1

[Event "Barber/Rockefeller Qualifier"]
[Site "Chess.com"]
[Date "2020.04.12"]
[Round "?"]
[White "Li, Emma"]
[Black "Bablani, Arnav"]
[Result "1-0"]
[WhiteElo "1476"]
[BlackElo "1323"]
[PlyCount "47"]
[EventDate "2020.??.??"]

1. e4 e5 2. Nf3 Nc6 3. Nc3 Nf6 4. Bb5 Bb4 5. O-O O-O 6. d3 Bxc3 7. bxc3 d5 8.
exd5 Nxd5 9. c4 Ndb4 10. Ba3 a5 11. c3 Nxd3 12. Bxf8 Kxf8 13. Bxc6 bxc6 14.
Nxe5 Bf5 15. Nxc6 Qd6 16. Qf3 Re8 17. Qxf5 Qxc6 18. Qxd3 a4 19. Rfe1 Rxe1+ 20.
Rxe1 g6 21. Qd4 Kg8 22. Rb1 h6 23. Rb8+ Kh7 24. Rh8# 1-0

[Event "Barber/Rockefeller Qualifier"]
[Site "Chess.com"]
[Date "2020.04.12"]
[Round "?"]
[White "Zhang, Michael"]
[Black "Li, Emma"]
[Result "0-1"]
[WhiteElo "1203"]
[BlackElo "1476"]
[PlyCount "68"]
[EventDate "2020.??.??"]

1. e4 e5 2. Nf3 Nc6 3. Nc3 Nf6 4. Bb5 Bb4 5. O-O O-O 6. d3 Bxc3 7. bxc3 d6 8.
h3 h6 9. Bxc6 bxc6 10. Re1 Rb8 11. Ba3 Be6 12. Nxe5 dxe5 13. Bxf8 Qxf8 14. d4
exd4 15. Qxd4 c5 16. Qd1 Rb2 17. e5 Nd5 18. Qc1 Qb8 19. c4 Nc3 20. Qd2 Nxa2 21.
Qe2 Nb4 22. Rec1 Bf5 23. Rab1 Nxc2 24. Rxb2 Qxb2 25. Rd1 Qb6 26. g4 Nd4 27. Qa2
Be6 28. Qa1 Bxc4 29. Rb1 Ne2+ 30. Kg2 Qc6+ 31. Kh2 Nf4 32. Rb8+ Kh7 33. Qb1+
Bd3 34. Qc1 Qg2# 0-1

[Event "Barber/Rockefeller Qualifier"]
[Site "Chess.com"]
[Date "2020.04.11"]
[Round "?"]
[White "Subramanian, Thrinay"]
[Black "Shanmugam, Meera"]
[Result "0-1"]
[WhiteElo "1283"]
[BlackElo "1469"]
[PlyCount "62"]
[EventDate "2020.??.??"]

1. d4 d5 2. c4 e6 3. cxd5 exd5 4. Nc3 Be7 5. Nf3 Nf6 6. Bf4 O-O 7. a3 Nbd7 8.
e3 c5 9. Be2 a6 10. a4 b6 11. h3 Re8 12. O-O Bb7 13. Re1 Nf8 14. Qc2 Ng6 15.
Bh2 Rc8 16. Bd3 Ne4 17. Bxe4 dxe4 18. Nxe4 cxd4 19. Qd3 Bxe4 20. Qxe4 Bb4 21.
Red1 Rxe4 22. exd4 h6 23. Kf1 Rc2 24. Ne5 Qf6 25. f3 Ree2 26. Bg3 Rxg2 27. Re1
Nxe5 28. Re3 Rxg3 29. Rc1 Rxf3+ 30. Kg1 Qg5+ 31. Kh1 Qg2# 0-1

[Event "Barber/Rockefeller Qualifier"]
[Site "Chess.com"]
[Date "2020.04.12"]
[Round "?"]
[White "Kwan, Joshua"]
[Black "Shanmugam, Meera"]
[Result "0-1"]
[WhiteElo "1329"]
[BlackElo "1469"]
[PlyCount "170"]
[EventDate "2020.??.??"]

1. e4 e5 2. Nf3 Nf6 3. Nxe5 d6 4. Nf3 Nxe4 5. Bc4 d5 6. Bb3 Nc5 7. O-O Nxb3 8.
Re1+ Be7 9. cxb3 d4 10. d3 Be6 11. Bf4 c5 12. Nbd2 O-O 13. Qe2 Nc6 14. Rac1 b6
15. a3 Bf6 16. b4 Be7 17. bxc5 bxc5 18. Ne4 Qb6 19. Neg5 Bd5 20. Ne5 Rfe8 21.
Nxc6 Qxc6 22. Qh5 h6 23. Nf3 Qf6 24. Bxh6 Bxf3 25. Qxf3 Qxf3 26. gxf3 gxh6 27.
Kh1 Rab8 28. Rg1+ Kh7 29. Rb1 Bh4 30. Rg2 Re2 31. b4 Bxf2 32. Rf1 cxb4 33. axb4
Rxb4 34. Rgxf2 Re3 35. Ra2 Rb7 36. Rd2 a5 37. Kg2 a4 38. Ra1 Ra7 39. Kf2 a3 40.
Kg3 Kg6 41. Kg4 f5+ 42. Kf4 h5 43. Rg2+ Kf6 44. Rd2 h4 45. h3 Ra6 46. Rg2 Rxd3
47. Rg5 Ra5 48. Rh5 a2 49. Rh6+ Kg7 50. Rb6 Ra7 51. Kxf5 Rxf3+ 52. Ke4 Rxh3 53.
Kxd4 Rg3 54. Rb2 Rga3 55. Rg2+ Kh6 56. Rc2 R7a6 57. Ke4 h3 58. Rh2 Kh5 59. Rhh1
R6a4+ 60. Kd5 Rd3+ 61. Kc5 Kh4 62. Kb5 Raa3 63. Kc4 Rd2 64. Kb4 Rad3 65. Rhg1
Rg2 66. Rh1 h2 67. Kc4 Rdg3 68. Kb4 Kh3 69. Kc4 Rg1 70. Rxa2 Rxh1 71. Ra6 Rc1+
72. Kd4 Rg4+ 73. Ke3 Rg3+ 74. Kf4 Rc4+ 75. Kf5 h1=Q 76. Rh6+ Rh4 77. Rxh4+ Kxh4
78. Kf4 Qf1+ 79. Ke4 Rg8 80. Kd5 Re8 81. Kd6 Qd3+ 82. Kc7 Re1 83. Kb6 Rc1 84.
Ka5 Qb3 85. Ka6 Ra1# 0-1

[Event "Barber/Rockefeller Qualifier"]
[Site "Chess.com"]
[Date "2020.04.11"]
[Round "?"]
[White "Merriman, Dann"]
[Black "Bablani, Arnav"]
[Result "1-0"]
[WhiteElo "1464"]
[BlackElo "1323"]
[PlyCount "57"]
[EventDate "2020.??.??"]

1. e4 e5 2. Nf3 Nc6 3. Bc4 Bc5 4. c3 Nf6 5. d4 exd4 6. e5 Ne4 7. cxd4 Bb4+ 8.
Bd2 Nxd2 9. Nbxd2 d5 10. exd6 Qxd6 11. Qe2+ Be6 12. d5 Bxd2+ 13. Nxd2 Nd4 14.
Qe4 O-O-O 15. dxe6 Rde8 16. O-O fxe6 17. Qg4 Nf5 18. Rad1 Qe5 19. Rfe1 Qxb2 20.
Bxe6+ Kb8 21. Qxf5 Rhf8 22. Qb1 Qf6 23. Qf5 Qd4 24. Qxh7 Qxf2+ 25. Kh1 Rf6 26.
Qh5 Ref8 27. Bc4 Rf5 28. Qe8+ Rxe8 29. Rxe8# 1-0

[Event "Barber/Rockefeller Qualifier"]
[Site "Chess.com"]
[Date "2020.04.12"]
[Round "?"]
[White "Zhang, Michael"]
[Black "Merriman, Dann"]
[Result "1-0"]
[WhiteElo "1203"]
[BlackElo "1464"]
[PlyCount "55"]
[EventDate "2020.??.??"]

1. e4 e5 2. Nf3 Nc6 3. Nc3 Nf6 4. Bb5 Bb4 5. O-O O-O 6. d3 Bxc3 7. bxc3 h6 8.
Bxc6 dxc6 9. Nxe5 Re8 10. Nc4 Be6 11. Bf4 Bxc4 12. dxc4 Qxd1 13. Raxd1 Rxe4 14.
Rd4 Rae8 15. Bxc7 Rxd4 16. cxd4 Re2 17. Bb8 Rxc2 18. Bxa7 Rxc4 19. Ra1 Kf8 20.
Kf1 Ke7 21. Bc5+ Ke6 22. Re1+ Kf5 23. Re5+ Kf4 24. g3+ Kf3 25. Rf5+ Kg4 26. Re5
Rc1+ 27. Kg2 Nd7 28. h3# 1-0

[Event "Barber/Rockefeller Qualifier"]
[Site "Chess.com"]
[Date "2020.04.12"]
[Round "?"]
[White "Merriman, Dann"]
[Black "Arul, Sharvesh"]
[Result "1-0"]
[WhiteElo "1464"]
[BlackElo "1227"]
[PlyCount "107"]
[EventDate "2020.??.??"]

1. e4 e5 2. Nf3 Nc6 3. Bc4 Nf6 4. Ng5 d5 5. exd5 Nxd5 6. Nxf7 Kxf7 7. Qf3+ Ke8
8. Bxd5 Qd7 9. Qh5+ g6 10. Bxc6 Qxc6 11. Qxe5+ Qe6 12. Qxe6+ Bxe6 13. d4 Rd8
14. Be3 Bg7 15. Nc3 Be5 16. dxe5 b6 17. O-O a5 18. Rad1 Rc8 19. Nb5 Bxa2 20. b3
a4 21. Nd4 c5 22. Nb5 axb3 23. Nd6+ Ke7 24. Nxc8+ Rxc8 25. Ra1 Ke6 26. f4 h5
27. cxb3 Bxb3 28. Rab1 c4 29. Rfc1 Rc6 30. Rxb3 Kd7 31. Rbc3 b5 32. R3c2 Ke6
33. Kf2 Kf5 34. Kf3 h4 35. g4+ Ke6 36. Rb2 Kd5 37. Rxb5+ Ke6 38. Rc5 Rb6 39.
R5xc4 Rb5 40. Rc6+ Ke7 41. Bc5+ Kf7 42. e6+ Ke8 43. e7 Rb3+ 44. Ke4 Rb8 45.
Rxg6 Kf7 46. Rd6 Ke8 47. Rb1 Rc8 48. Rd8+ Rxd8 49. exd8=Q+ Kxd8 50. Rb7 Kc8 51.
Re7 Kd8 52. Kd5 h3 53. Kc6 Kc8 54. Re8# 1-0

[Event "Barber/Rockefeller Qualifier"]
[Site "Chess.com"]
[Date "2020.04.11"]
[Round "?"]
[White "Wang, Ted"]
[Black "Zhang, Ethan"]
[Result "1-0"]
[WhiteElo "1280"]
[BlackElo "1447"]
[PlyCount "47"]
[EventDate "2020.??.??"]

1. e4 e5 2. Nf3 Nc6 3. Bc4 Bc5 4. c3 Nf6 5. d4 exd4 6. cxd4 Bb4+ 7. Bd2 Nxe4 8.
Bxb4 Nxb4 9. Bxf7+ Kxf7 10. Qb3+ d5 11. Ne5+ Ke6 12. Qxb4 Qg5 13. O-O Rf8 14.
Qxf8 Qf6 15. Qe8+ Qe7 16. Qxe7+ Kxe7 17. Re1 Be6 18. Nc3 Nxc3 19. bxc3 Rf8 20.
Rab1 b6 21. Nc6+ Kd6 22. Nxa7 c6 23. Rxb6 Bd7 24. Nb5# 1-0

[Event "Barber/Rockefeller Qualifier"]
[Site "Chess.com"]
[Date "2020.04.12"]
[Round "?"]
[White "Zhang, Ethan"]
[Black "Cheng, Ethan"]
[Result "1-0"]
[WhiteElo "1447"]
[BlackElo "1357"]
[PlyCount "151"]
[EventDate "2020.??.??"]

1. d4 Nf6 2. c4 e6 3. Nc3 Bb4 4. Bg5 h6 5. Bh4 Nc6 6. Nf3 O-O 7. e3 b6 8. Be2
Bb7 9. O-O Be7 10. Bg3 Nh5 11. Qb3 Nxg3 12. hxg3 Rb8 13. Rad1 Na5 14. Qc2 d5
15. cxd5 exd5 16. Nb5 a6 17. Nc3 c5 18. dxc5 Bxc5 19. Qf5 Re8 20. Nxd5 Nc6 21.
Nb4 Qc7 22. Rd7 Qxd7 23. Qxd7 Nxb4 24. a3 Nd5 25. Bc4 Red8 26. Qf5 Nf6 27. Ne5
Rf8 28. Qg6 Bd5 29. Bxd5 Nxd5 30. Qd3 Nc7 31. Qb3 Rbd8 32. Rd1 Bd6 33. Nc6 Rd7
34. Qxb6 Bc5 35. Qb3 Rd6 36. Rxd6 Bxd6 37. Kf1 Re8 38. Ke2 Re4 39. Qb8+ Ne8 40.
Qb3 Nc7 41. Nb8 Nb5 42. Nc6 Kf8 43. Qd3 f5 44. f3 Re6 45. Qxf5+ Rf6 46. Qc8+
Kf7 47. Qxa6 Nc7 48. Qc4+ Ne6 49. Nd8+ Ke7 50. Nxe6 Rxe6 51. g4 Bb8 52. Kd3 Ba7
53. Qc7+ Kf6 54. Qxa7 Rd6+ 55. Qd4+ Rxd4+ 56. Kxd4 Ke6 57. a4 Kd6 58. a5 Kc6
59. b4 Kb5 60. Kc3 g5 61. e4 Kc6 62. e5 Kd5 63. a6 Kc6 64. e6 Kd6 65. a7 Kxe6
66. a8=Q Kd6 67. Qa5 Kc6 68. Kc4 Kd6 69. Qd5+ Kc7 70. Qe6 Kb7 71. Qd6 Kc8 72.
Qe7 Kb8 73. Qd7 Ka8 74. Kb5 h5 75. Kb6 hxg4 76. Qb7# 1-0

[Event "Barber/Rockefeller Qualifier"]
[Site "Chess.com"]
[Date "2020.04.12"]
[Round "?"]
[White "Tran, Nugen"]
[Black "Zhang, Ethan"]
[Result "1-0"]
[WhiteElo "1344"]
[BlackElo "1447"]
[PlyCount "79"]
[EventDate "2020.??.??"]

1. d4 Nf6 2. c4 c5 3. d5 e6 4. Nc3 exd5 5. cxd5 d6 6. Bg5 g6 7. e3 Bg7 8. Nf3
Qa5 9. Bb5+ Bd7 10. Bxd7+ Nbxd7 11. O-O O-O 12. Re1 Rfe8 13. Qc2 Qb6 14. Rad1
Ne5 15. Nxe5 Rxe5 16. Bf4 Re7 17. h3 Rae8 18. a3 Nh5 19. Bh2 Nf6 20. Na4 Qc7
21. b4 b5 22. bxc5 bxa4 23. Bxd6 Qc8 24. Bxe7 Rxe7 25. d6 Rd7 26. c6 Rd8 27. c7
Rd7 28. Rb1 Rxd6 29. Rb8 Qxb8 30. cxb8=Q+ Bf8 31. Qcc8 Nd7 32. Qxd6 Kg7 33.
Qcxd7 Bxd6 34. Qxd6 Kh6 35. Rc1 Kh5 36. Rc5+ g5 37. Qf6 h6 38. Qxf7+ Kh4 39.
g3+ Kxh3 40. Qh5# 1-0

[Event "Barber/Rockefeller Qualifier"]
[Site "Chess.com"]
[Date "2020.04.12"]
[Round "?"]
[White "Zhang, Ethan"]
[Black "Arul, Sharvesh"]
[Result "1-0"]
[WhiteElo "1447"]
[BlackElo "1227"]
[PlyCount "111"]
[EventDate "2020.??.??"]

1. d4 d5 2. c4 e6 3. Nc3 Nf6 4. Bg5 Be7 5. Nf3 O-O 6. e3 Nc6 7. Qc2 b6 8. cxd5
Nxd5 9. Nxd5 Qxd5 10. Bxe7 Nxe7 11. Qxc7 Qa5+ 12. Qc3 Qf5 13. Bd3 Qg4 14. O-O
Nd5 15. Qc6 Rb8 16. h3 Qh5 17. Qd6 Bb7 18. Qe5 Qh6 19. Qg5 Qxg5 20. Nxg5 g6 21.
Nf3 Nb4 22. Be2 Bd5 23. a3 Nc6 24. Rac1 Na5 25. Ne5 Rfd8 26. Ba6 Nb3 27. Rc7
Na5 28. Rxf7 Ra8 29. Rc1 Rf8 30. Rcc7 Rxf7 31. Rxf7 Nc4 32. Bxc4 Bxc4 33. Re7
Kf8 34. Rxh7 Kg8 35. Rc7 Be2 36. Nxg6 a5 37. Nf4 Bd1 38. Nxe6 Bb3 39. Nf4 Rd8
40. Kf1 Ba4 41. Ke2 Bb5+ 42. Kf3 Rf8 43. h4 Bd3 44. h5 Bf5 45. e4 Bh7 46. g4
Re8 47. Ng6 b5 48. Re7 Rd8 49. d5 Rd6 50. Kf4 Rf6+ 51. Ke5 Rxf2 52. d6 Rxb2 53.
d7 Rd2 54. Re8+ Kg7 55. d8=Q Rxd8 56. Rxd8 1-0

[Event "Barber/Rockefeller Qualifier"]
[Site "Chess.com"]
[Date "2020.04.12"]
[Round "?"]
[White "Subramanian, Thrinay"]
[Black "Liu, Yuntao"]
[Result "0-1"]
[WhiteElo "1283"]
[BlackElo "1408"]
[PlyCount "100"]
[EventDate "2020.??.??"]

1. d4 Nf6 2. c4 e5 3. d5 Bc5 4. Bg5 d6 5. Nc3 Bf5 6. e4 Bg6 7. Bd3 Nbd7 8. a3
a5 9. Qd2 h6 10. Be3 O-O 11. f3 Bxe3 12. Qxe3 Nc5 13. Nge2 Na6 14. h3 c6 15.
O-O Nc5 16. Bc2 Qb6 17. Na4 Nxa4 18. Qxb6 Nxb6 19. Bd3 cxd5 20. cxd5 Nbxd5 21.
Rad1 Ne3 22. Rc1 Nxf1 23. Kxf1 Rfc8 24. Bb5 Rxc1+ 25. Nxc1 Rc8 26. Ne2 Rc2 27.
b3 Rb2 28. Bc4 b5 29. Bxb5 Rxb3 30. a4 Nh5 31. Ke1 Nf4 32. Nxf4 exf4 33. Ke2 f5
34. Bc4+ Bf7 35. Bxb3 Bxb3 36. Kd3 fxe4+ 37. Kxe4 Bxa4 38. Kd3 Kf7 39. Kc3 Ke6
40. Kd3 Kd5 41. Kc3 Bb5 42. Kd2 Kc4 43. Kc2 a4 44. Kc1 Kb3 45. Kb1 a3 46. Ka1
d5 47. h4 d4 48. h5 d3 49. g3 d2 50. g4 d1=R# 0-1

[Event "Barber/Rockefeller Qualifier"]
[Site "Chess.com"]
[Date "2020.04.12"]
[Round "?"]
[White "Cheng, Ethan"]
[Black "Ma, Lucas"]
[Result "0-1"]
[WhiteElo "1357"]
[BlackElo "1372"]
[PlyCount "65"]
[EventDate "2020.??.??"]

1. c4 c5 2. Nc3 Nc6 3. g3 g6 4. Bg2 Bg7 5. Nf3 Nf6 6. O-O O-O 7. d3 d6 8. Be3
Bd7 9. Qd2 Ng4 10. Bf4 Qc8 11. a3 a6 12. Rab1 Rb8 13. Nd5 Qd8 14. Rfd1 b5 15.
h3 Nf6 16. Nxf6+ Bxf6 17. Bh6 Re8 18. Bg5 Bg7 19. Bh6 Bh8 20. Qf4 e5 21. Qe3
Qc8 22. Kh2 Qd8 23. Qe4 f5 24. Qe3 Nd4 25. Nxd4 cxd4 26. Qd2 Bf6 27. e3 g5 28.
e4 f4 29. h4 Bg4 30. f3 fxg3+ 31. Kxg3 gxh4+ 32. Kxg4 Qd7+ 33. Kh5 0-1